|
|
|
|
| LEADER |
01380cam a2200349 7i4500 |
| 001 |
0000031007 |
| 005 |
20140514090000.0 |
| 020 |
0 |
0 |
|a 9781418775902
|
| 090 |
0 |
0 |
|a I 338.0025
|b AZE
|
| 245 |
0 |
0 |
|a Azerbaijan, Armenia, Belarus, Georgia, Kazakhstan, Kyrgyzstan, Moldova, Ukraine, Uzbekistan major manufacturers directory 2013.
|
| 250 |
0 |
0 |
|a 13th ed..
|
| 260 |
0 |
0 |
|a Florida:
|b Business Information Agency (BIA),
|c 2013.
|
| 300 |
# |
# |
|a 500 p.
|
| 650 |
0 |
0 |
|a Manufacturing industries --
|x Directories --
|z Armenia
|
| 650 |
0 |
0 |
|a Manufacturing industries --
|x Directories --
|z Uzbekistan
|
| 650 |
0 |
0 |
|a Manufacturing industries --
|x Directories --
|z Ukraine
|
| 650 |
0 |
0 |
|a Manufacturing industries --
|x Directories --
|z Moldova
|
| 650 |
0 |
0 |
|a Manufacturing industries --
|x Directories --
|z Kyrgyzstan
|
| 650 |
0 |
0 |
|a Manufacturing industries --
|x Directories --
|z Kazakhstan
|
| 650 |
0 |
0 |
|a Manufacturing industries --
|x Directories --
|z Georgia
|
| 650 |
0 |
0 |
|a Manufacturing industries --
|x Directories --
|z Belarus
|
| 650 |
0 |
0 |
|a Manufacturing industries --
|x Directories --
|z Azerbaijan
|
| 651 |
0 |
0 |
|a Georgia
|
| 651 |
0 |
0 |
|a Belarus
|
| 651 |
0 |
0 |
|a Kyrgyzstan
|
| 651 |
0 |
0 |
|a Azerbaijan
|
| 651 |
0 |
0 |
|a Armenia
|
| 651 |
0 |
0 |
|a Ukraine
|
| 651 |
0 |
0 |
|a Moldova
|
| 651 |
0 |
0 |
|a Uzbekistan
|
| 651 |
0 |
0 |
|a Kazakhstan
|
| 999 |
|
|
|a B000034288
|b Directories
|c Regions
|e Business Information Centre
|